Hóa học 10 : Sách giáo viên

Nội dung giới thiệu về nguyên tử, bảng tuần hoàn các nguyên tố hoá học và định luật tuần hoàn, liên kết hoá học, phản ứng Ôxy hoá - khử....

Uloženo v:
Podrobná bibliografie
Hlavní autor: Nguyễn, Xuân Trường
Médium: Kniha
Jazyk:Undetermined
Vydáno: Hà Nội Giáo Dục Việt Nam 2013
Témata:
Tagy: Přidat tag
Žádné tagy, Buďte první, kdo otaguje tento záznam!
Thư viện lưu trữ: Trung tâm Học liệu Trường Đại học Cần Thơ
LEADER 00909nam a2200229Ia 4500
001 CTU_236757
008 210402s9999 xx 000 0 und d
020 |c 12000 
082 |a 540.712 
082 |b Tr561 
100 |a Nguyễn, Xuân Trường 
245 0 |a Hóa học 10 : 
245 0 |b Sách giáo viên 
245 0 |c Nguyễn Xuân Trường (Tổng chủ biên) 
260 |a Hà Nội 
260 |b Giáo Dục Việt Nam 
260 |c 2013 
520 |a Nội dung giới thiệu về nguyên tử, bảng tuần hoàn các nguyên tố hoá học và định luật tuần hoàn, liên kết hoá học, phản ứng Ôxy hoá - khử.... 
650 |a Hóa học,Chemistry 
650 |x Dạy và học (Trung học),Study and teaching (Secondary) 
904 |i Hải 
980 |a Trung tâm Học liệu Trường Đại học Cần Thơ